Flagi Afryki - Statystyki

Ogólne statystyki
  • Ten quiz został rozwiązany 27 razy
  • Średni wynik to 42 z 54
Statystyki odpowiedzi
Obrazkowy Odpowiedź % Poprawnych
Erytrea
100%
Algieria
93%
Angola
93%
Czad
93%
Kenia
93%
Libia
93%
Maroko
93%
Niger
93%
Nigeria
93%
Republika Południowej Afryki
93%
Seszele
93%
Tunezja
93%
Botswana
87%
Egipt
87%
Kamerun
87%
Lesotho
87%
Liberia
87%
Madagaskar
87%
Malawi
87%
Mali
87%
Somalia
87%
Sudan Południowy
87%
Togo
87%
Uganda
87%
Zambia
87%
Burkina Faso
80%
Burundi
80%
Etiopia
80%
Mauretania
80%
Mozambik
80%
Republika Zielonego Przylądka
80%
Senegal
80%
Benin
73%
Eswatini
73%
Gambia
73%
Sierra Leone
73%
Sudan
73%
Wybrzeże Kości Słoniowej
73%
Zimbabwe
73%
Demokratyczna Republika Konga
67%
Dżibuti
67%
Gabon
67%
Ghana
67%
Komory
67%
Tanzania
67%
Kongo
60%
Republika Środkowoafrykańska
60%
Rwanda
60%
Wyspy świętego Tomasza i Książęca
60%
Gwinea
53%
Namibia
53%
Gwinea Bissau
47%
Gwinea Równikowa
47%
Mauritius
47%
Nie znaleziono quizów pasujących do podanych kryteriów
Rozkład punktacji
Procent ludzi z każdym wynikiem
Percentyl według liczby udzielonych odpowiedzi
Twoja historia wyników
Nie rozwiązałeś tego quizu